LEADER 03375nam 2200589 450 001 9910467147203321 005 20200520144314.0 010 $a3-0356-0907-1 024 7 $a10.1515/9783035609073 035 $a(CKB)3850000000000493 035 $a(EBL)4707929 035 $a(MiAaPQ)EBC4707929 035 $a(DE-B1597)467370 035 $a(OCoLC)979625605 035 $a(DE-B1597)9783035609073 035 $a(Au-PeEL)EBL4707929 035 $a(CaPaEBR)ebr11274558 035 $a(CaONFJC)MIL957913 035 $a(OCoLC)960040373 035 $a(EXLCZ)993850000000000493 100 $a20161012h20162016 uy 0 101 0 $aeng 135 $aur|n|---||||| 181 $2rdacontent 182 $2rdamedia 183 $2rdacarrier 200 10$aLight spaces /$fKerstin Schultz, Hedwig Wiedemann-Tokarz 210 1$aBasel, [Switzerland] :$cBirkha?user,$d2016. 210 4$d©2016 215 $a1 online resource (160 p.) 300 $aDescription based upon print version of record. 311 $a3-0356-1112-2 327 $tFrontmatter -- $tContents -- $tPreface -- $tIntroduction -- $tSpatial Concepts -- $tSpatial Conditions -- $tMaterial -- $tElements of Interior Space -- $tJoining, Connecting, and Dividing -- $tAppendix 330 $aDie bauphysikalischen und komfortrelevanten Eigenschaften zeichnen den Gips-Trockenbau als besonders nachhaltige und vielseitige Bauweise aus. Das Buch verknüpft das große architektonische und skulpturale Potenzial dieser Bauweise mit den konstruktiven Anforderungen. Sein Fokus liegt auf der Systemvielfalt, den spezifischen Abhängigkeiten und deren konsequenter Umsetzung in einer Entwurfsidee. Raumkonzeptionen und Elemente in Bestandsgebäuden oder Neubauten werden kategorisiert und ihre Umsetzung im Detail dargestellt. Zahlreiche Beispiele zur Detaillierung und Fügung von Bauteilen erläutern darüber hinaus den Wirkungszusammenhang von Licht, Farbe, Material, Oberfläche und Konstruktion.Zeichnungen in verschiedenen Maßstäben veranschaulichen die räumlichen und tektonischen Beziehungen. 330 $aThe building physics and comfort-relevant properties of gypsum drywall construction make it a particularly sustainable and versatile construction method. The book links the great architectural and sculptural potential of this building method with its construction requirements. Its focus is on the diversity of the system, its specific prerequisites, and its systematic implementation in design ideas. The space concept and elements in existing and new buildings are analyzed, and their implementation illustrated in detail. In addition, numerous examples of details and building components explain the effect of light, color, material, surface, and construction. Drawings at different scales illustrate the tectonic relationships in space. 606 $aInterior architecture 606 $aLightweight construction 606 $aDrywall construction 608 $aElectronic books. 615 0$aInterior architecture. 615 0$aLightweight construction. 615 0$aDrywall construction. 676 $a729 700 $aSchultz$b Kerstin$01034144 702 $aWiedemann-Tokarz$b Hedwig 801 0$bMiAaPQ 801 1$bMiAaPQ 801 2$bMiAaPQ 906 $aBOOK 912 $a9910467147203321 996 $aLight spaces$92453086 997 $aUNINA LEADER 01119nam 2200349 450 001 9910137362603321 005 20231206213741.0 010 $a1-5044-0185-9 024 7 $a10.1109/IEEESTD.1970.8684360 035 $a(CKB)3710000000553813 035 $a(NjHacI)993710000000553813 035 $a(EXLCZ)993710000000553813 100 $a20231206d1964 uy 0 101 0 $aeng 135 $aur||||||||||| 181 $ctxt$2rdacontent 182 $cc$2rdamedia 183 $acr$2rdacarrier 200 10$aIEEE No 182A-1964 $eIEEE Standard Definitions of Terms for Radio Transmitters /$fInstitute of Electrical and Electronics Engineers 210 1$aPiscataway, New Jersey :$cIEEE,$d1964. 215 $a1 online resource (4 pages) 330 $aDefinitions of Terms for Radio Transmitters. 517 $aIEEE No 182A-1964 606 $aRadio$xTransmitters and transmission 615 0$aRadio$xTransmitters and transmission. 676 $a621.384131 801 0$bNjHacI 801 1$bNjHacl 906 $aDOCUMENT 912 $a9910137362603321 996 $aIEEE No 182A-1964$93646973 997 $aUNINA LEADER 02274nam 2200685 a 450 001 9910790976003321 005 20230918152210.0 010 $a3-11-081875-2 024 7 $a10.1515/9783110818758 035 $a(CKB)2550000001191687 035 $a(EBL)938562 035 $a(OCoLC)843635774 035 $a(SSID)ssj0000608637 035 $a(PQKBManifestationID)11445094 035 $a(PQKBTitleCode)TC0000608637 035 $a(PQKBWorkID)10608343 035 $a(PQKB)10676875 035 $a(MiAaPQ)EBC938562 035 $a(WaSeSS)Ind00014172 035 $a(DE-B1597)41081 035 $a(OCoLC)979587205 035 $a(DE-B1597)9783110818758 035 $a(Au-PeEL)EBL938562 035 $a(CaPaEBR)ebr10588527 035 $a(CaONFJC)MIL571095 035 $a(EXLCZ)992550000001191687 100 $a19951016h19961995 uy 0 101 0 $aeng 135 $aur|n|---||||| 181 $ctxt$2rdacontent 182 $cc$2rdamedia 183 $acr$2rdacarrier 200 10$aFunctional semantics $ea theory of meaning, structure and tense in English /$fPeter Harder 205 $aReprint 2010 210 1$aBerlin ;$aNew York :$cMouton de Gruyter,$d1996. 210 4$dc1995 215 $a1 online resource (xv, 586 pages) 225 1 $aTrends in Linguistics. Studies and Monographs [TiLSM] ;$v87. 311 0 $a3-11-014941-9 311 0 $a1-306-39844-4 320 $aIncludes bibliographical references (p. [533]-569) and indexes. 327 $apt. 1. Meaning -- pt. 2. Structure -- pt. 3. Tense. 330 $aFunctional Semantics : A Theory of Meaning, Structure and Tense in English Trends in Linguistics. Studies and Monographs [TiLSM] 410 0$aTrends in linguistics.$pStudies and monographs. 606 $aEnglish language$xSemantics 606 $aEnglish language$xSyntax 606 $aEnglish language$xTense 615 0$aEnglish language$xSemantics. 615 0$aEnglish language$xSyntax. 615 0$aEnglish language$xTense. 676 $a420/.1/43 686 $aHF 421$2rvk 700 $aHarder$b Peter$f1954-$0184474 801 0$bMiAaPQ 801 1$bMiAaPQ 801 2$bMiAaPQ 906 $aBOOK 912 $a9910790976003321 996 $aFunctional semantics$9148011 997 $aUNINA